Dvojkríž v siločiarach Bieleho orla slovenská otázka v politike poľskej exilovej vlády za 2. svetovej vojny

Guardado en:
Detalles Bibliográficos
Autor principal: Segeš, Dušan
Otros Autores: Baka, Igor, Němeček, Jan
Formato: Libro
Lenguaje:eslovaco
Publicado: Bratislava VEDA, vydavateľstvo SAV 2009
Edición:1. vydanie
Materias:
Etiquetas: Agregar Etiqueta
Sin Etiquetas, Sea el primero en etiquetar este registro!

MARC

LEADER 00000nam a2200000 4500
001 0258881
005 20240314092933.0
020 |a 978-80-224-1037-3 
041 0 |a slo 
044 |a SK 
245 1 0 |a Dvojkríž v siločiarach Bieleho orla  |b slovenská otázka v politike poľskej exilovej vlády za 2. svetovej vojny  |c Dušan Segeš ; recenzenti: Igor Baka, Jan Němeček 
250 |a 1. vydanie 
264 1 |a Bratislava  |b VEDA, vydavateľstvo SAV  |c 2009 
300 |a 530 s. 
610 2 0 |a dejiny 
610 2 0 |a história 
610 2 0 |a vzťahy medzinárodné 
610 2 0 |a konflikty medzinárodné 
610 2 0 |a vojny 
610 2 0 |a situácia politická 
610 2 0 |a diplomacia 
610 2 0 |a politika vnútorná 
610 2 0 |a politika zahraničná 
610 2 0 |a strany politické 
610 2 0 |a vláda 
610 2 0 |a vývoj politický 
610 2 0 |a osobnosť 
610 2 0 |a Slovensko 
610 2 0 |a Poľsko 
610 2 0 |a Československo 
610 2 0 |a Európa 
100 1 |a Segeš, Dušan 
700 1 |a Baka, Igor 
700 1 |a Němeček, Jan